000 00623nam a22002417a 4500
003 OSt
005 20140310183023.0
008 130215t xxu||||| |||| 00| 0 eng d
020 _a9789712348693
050 _aQK53
_b.Al335 2007
082 _aFIL 580.72
_bAl11 2007
245 _aLaboratory Manual in General Botany
_cAlbia, Jose A.
260 _aManila
_bRex Book Store
_cc2007
300 _a97 p.
_bill.
_c26 cm.
521 _acollege students
526 _c1210L-1700L
541 _j1
541 _j2
541 _j3
541 _j4
562 _e4
942 _2lcc
_cBK
_kFIL
999 _c18392
_d18392